| 000 | 01844cam a2200517 4500 | ||
|---|---|---|---|
| 001 | 1619080036 | ||
| 003 | DE-627 | ||
| 005 | 20250113135803.0 | ||
| 007 | tu | ||
| 008 | 090418s2009 gw ||||| 00| ||ger c | ||
| 015 |
_a09,A13,1542 _2dnb |
||
| 016 | 7 |
_a992972590 _2DE-101 |
|
| 020 |
_a9783933603456 _ckart. : EUR 9.50 |
||
| 035 | _a(DE-627)1619080036 | ||
| 035 | _a(DE-576)305731777 | ||
| 035 | _a(DE-599)DNB992972590 | ||
| 035 | _a(OCoLC)316588355 | ||
| 040 |
_aDE-627 _bger _cDE-2910 _erakwb _dDE-2910 |
||
| 041 | _ager | ||
| 044 | _cXA-DE | ||
| 082 | 0 | _a725.97 | |
| 082 | 0 | 4 | _a720 |
| 084 |
_a9,10 _2ssgn |
||
| 084 |
_aZI 6705 _2rvk _0(DE-625)rvk/156533: |
||
| 084 |
_aZI 6850 _2rvk _0(DE-625)rvk/156565: |
||
| 090 | _aa | ||
| 245 | 1 | 0 |
_aKugelköpfe und Backsteingotik: _bWassertürme in Brandenburg; ein kulturhistorischer und touristischer Reiseführer/ _cvon Günter Nagel. [Fotos: Karin Nagel] |
| 264 | 1 |
_aBliesdorf: _bFindling, Buch- und Zeitschriftenverl., _c2009 |
|
| 300 |
_a122 S.: _bzahlr. Ill., graph. Darst., Kt. _c21 cm |
||
| 336 |
_aText _btxt _2rdacontent |
||
| 337 |
_aohne Hilfsmittel zu benutzen _bn _2rdamedia |
||
| 338 |
_aBand _bnc _2rdacarrier |
||
| 490 | 0 | _aReise- und Touristenreihe | |
| 583 | 1 |
_aArchivierung prüfen _c20200919 _fDE-640 _z1 _2pdager |
|
| 583 | 1 |
_aArchivierung/Langzeitarchivierung gewährleistet _fSSG _2pdager _5DE-16 |
|
| 653 | _aWasserturm | ||
| 653 | _aBrandenburg <Land> | ||
| 655 | 7 |
_aKunstführer _0(DE-588)4166029-8 _0(DE-627)104492910 _0(DE-576)209899433 _2gnd-content |
|
| 700 | 1 |
_aNagel, Günter _d1939- _0(DE-588)130216275 _0(DE-627)495060674 _0(DE-576)298068427 _4oth |
|
| 700 | 1 |
_aNagel, Karin _eIll. _4ill |
|
| 856 | 4 | 2 |
_uhttp://d-nb.info/992972590/04 _3Inhaltsverzeichnis |
| 936 | r | v | _aZI 6705 |
| 936 | r | v | _aZI 6850 |
| 942 |
_2z _cB |
||
| 951 | _aBO | ||
| 999 |
_c373554 _d373554 |
||